| 000 | 00000nas##2200000za#4500 |
| 001 | 9.509531 |
| 003 | CaOODSP |
| 005 | 20210615082521 |
| 007 | ta |
| 008 | 150406c1995||||xxc|| m #||||f| |0fre|d |
| 040 | |aCaOODSP|bfre |
| 041 | |aeng |
| 041 | |afre |
| 043 | |an-cn--- |
| 086 | 1 |aMP43-345 |
| 110 | 1 |aCanada.|bRessources humaines et Développement social Canada. |bProgramme du travail. |
| 245 | 10|aRenseignements sur les normes du travail : |bPartie III du Code canadien du travail (Normes du travail) |
| 260 | |aOttawa - Ontario : |bRessources humaines et Développement social Canada. |
| 310 | |aIrrégulier |
| 500 | |aPublié auparavant par Développement des ressources humaines Canada, Ressources humaines et Développement des compétences Canada. |
| 546 | |aBilingue |
| 563 | |aCouverture souple |
| 691 | 07|aNormes du travail|2gcpds |
| 691 | 07|aRelations de travail|2gcpds |
| 776 | 0#|tRenseignements sur les normes du travail : |w(CaOODSP)9.503514 |
| 776 | 0#|tInformation on labour standards : |w(CaOODSP)9.507120 |
| 791 | |tInformation on labour standards : |eeng|w(CaOODSP)9.509530 |